02 - Municipios de Albacete (Click Map) - Estadísticas

Estadísticas generales
  • Esta prueba ha sido intentada 359 veces
  • La puntuación promedio es 19 de 88
Respuestas en el mapa
Las respuestas están codificadas por una escala verde-roja en el mapa de la prueba según el % correcto abajo.
 
Estadísticas de respuestas
Respuesta % Correcto
Albacete
73%
Almansa
58%
Hellín
54%
Villarobledo
54%
Caudete
49%
Chinchilla de Monte-Aragón
46%
La Roda
46%
La Gineta
43%
Tobarra
39%
Nerpio
37%
Alcaraz
35%
Pozo Cañada
29%
Tarazona de la Mancha
29%
Yeste
29%
Montealegre del Castillo
28%
Ossa de Montiel
28%
Alpera
27%
Elche de la Sierra
27%
Minaya
27%
Ontur
26%
Letur
25%
Albatana
24%
Peñas de San Pedro
24%
Férez
23%
Riópar
23%
Villagordo del Júcar
23%
Alcalá de Júcar
22%
El Bonillo
22%
Fuente-Álamo
22%
Higueruela
22%
Alcadozo
21%
Ayna
21%
Balsa de ves
21%
Barrax
21%
Bogarra
21%
Bonete
21%
Carcelén
21%
Casa de Ves
21%
Liétor
21%
Madrigueras
21%
Molinicos
21%
Montalvos
21%
Munera
21%
Pétrola
21%
Povedilla
21%
Pozohondo
21%
Socovos
20%
Bienservida
18%
Casas Ibañez
18%
Fuensanta
18%
Lezuza
18%
Corral Rubio
17%
Hoya-Gonzalo
17%
Jorquera
17%
Paterna del Madera
17%
San Pedro
17%
Villamalea
17%
Abengibre
16%
Mahora
16%
Valdeganga
16%
Balazote
15%
Pozuelo
15%
Alatoz
14%
El Ballestero
14%
Motilleja
14%
Salobre
14%
Villa de Guadalimar
14%
Alborea
13%
Casas de Juan Núñez
13%
Cenizate
13%
La Herrera
13%
La Recueja
13%
Navas de Jorquera
13%
Peñascosa
13%
Robledo
13%
Vianos
13%
Villa de Ves
13%
Villapalacios
13%
Villatoya
13%
Viveros
13%
Cotillas
12%
Fuentealbilla
12%
Masegoso
12%
Villavaliente
12%
Casa de Lázaro
11%
Cotillas
11%
Golosalvo
10%
Pozo-Lorente
10%
No se encontraron pruebas coincidentes
Distribución de puntuación
Porcentaje de gente con cada puntuación
Porcentaje por número respondido
Historial de tus puntuaciones
No has intentado esta prueba.